[Event "San Sebastian Primavera de Gros op 11th"]
[Site "San Sebastian"]
[Date "2015.05.23"]
[Round "5"]
[White "Sanchez Ruesga, Carlos"]
[Black "Cuesta Senosiain, Asier"]
[Result "1-0"]
[WhiteElo "1902"]
[BlackElo "1362"]
[PlyCount "111"]
[EventDate "2015.04.25"]
[EventType "swiss"]
[EventRounds "8"]
[EventCountry "ESP"]
[SourceTitle "EXT 2019"]
[Source "ChessBase"]
[SourceDate "2018.10.10"]
[SourceVersion "1"]
[SourceVersionDate "2018.10.10"]
[SourceQuality "1"]

1. e4 e6 2. d4 d5 3. Nd2 Nc6 4. Ngf3 Nf6 5. e5 Nd7 6. Be2 f6 7. exf6 Qxf6 8. Nb3 Bd6 9. 0-0 0-0 10. Re1 Ne7 11. Bd3 Ng6 12. Qe2 Nf4 13. Bxf4 Bxf4 14. Qxe6+ Qxe6 15. Rxe6 Nf6 16. Ree1 Bg4 17. Ne5 Rae8 18. Nxg4 Nxg4 19. Rxe8 Rxe8 20. h3 Nf6 21. g3 Bd6 22. f4 Re3 23. Kf2 Re8 24. Nd2 c5 25. c3 c4 26. Bc2 Kf7 27. Nf3 Kf8 28. Ne5 Re7 29. Kf3 g6 30. Bxg6 hxg6 31. Nxg6+ Kf7 32. Nxe7 Kxe7 33. g4 Ne4 34. Re1 Kf7 35. Re2 b5 36. g5 Kg6 37. Kg4 a5 38. h4 b4 39. h5+ Kf7 40. cxb4 axb4 41. h6 Kg6 42. f5+ Kh7 43. Re1 c3 44. bxc3 bxc3 45. Rc1 Ba3 46. Rc2 Bd6 47. a4 Bc7 48. Ra2 Bb6 49. a5 Bxd4 50. a6 Ba7 51. g6+ Kh8 52. Kf4 Bb8+ 53. Ke3 Ba7+ 54. Kd3 Kg8 55. h7+ Kg7 56. Rh2 1-0